MARC details
| 000 -LEADER |
| fixed length control field |
01318 a2200349 4500 |
| 001 - CONTROL NUMBER |
| control field |
54076 |
| 003 - CONTROL NUMBER IDENTIFIER |
| control field |
TR-AnTOB |
| 005 - DATE AND TIME OF LATEST TRANSACTION |
| control field |
20190408213949.0 |
| 008 - FIXED-LENGTH DATA ELEMENTS--GENERAL INFORMATION |
| fixed length control field |
110630s2004 au a b 101 0 d |
| 020 ## - INTERNATIONAL STANDARD BOOK NUMBER |
| International Standard Book Number |
3851655664 (pbk.) |
| 035 ## - SYSTEM CONTROL NUMBER |
| System control number |
54076 |
| 040 ## - CATALOGING SOURCE |
| Original cataloging agency |
OHX |
| Transcribing agency |
OHX |
| Modifying agency |
OCLCQ |
| -- |
CUY |
| 041 ## - LANGUAGE CODE |
| Language code of text/sound track or separate title |
Almanca |
| 050 ## - LIBRARY OF CONGRESS CALL NUMBER |
| Classification number |
D524.5 |
| Item number |
.A44 2004 |
| 090 ## - LOCALLY ASSIGNED LC-TYPE CALL NUMBER (OCLC); LOCAL CALL NUMBER (RLIN) |
| Classification number (OCLC) (R) ; Classification number, CALL (RLIN) (NR) |
D524.5 .A44 2004 |
| 245 #0 - TITLE STATEMENT |
| Title |
Aggression und Katharsis : |
| Remainder of title |
der Erste Weltkrieg im Diskurs der Moderne / |
| Statement of responsibility, etc. |
Petra Ernst, Sabine A. Haring, Werner Suppanz (Hg.). |
| 264 #1 - PRODUCTION, PUBLICATION, DISTRIBUTION, MANUFACTURE, AND COPYRIGHT NOTICE |
| Place of production, publication, distribution, manufacture |
Wien : |
| Name of producer, publisher, distributor, manufacturer |
Passagen, |
| Date of production, publication, distribution, manufacture, or copyright notice |
2004. |
| 300 ## - PHYSICAL DESCRIPTION |
| Extent |
415 p. : |
| Other physical details |
ill. ; |
| Dimensions |
24 cm. |
| 490 0# - SERIES STATEMENT |
| Series statement |
Studien zur Moderne ; |
| Volume/sequential designation |
20. |
| 500 ## - GENERAL NOTE |
| General note |
Papers contributed to a symposium of the Grazer Spezialforschungsbereich (SFB)-Moderne-Wien und Zentraleuropa um 1900, held in October, 2001. |
| 504 ## - BIBLIOGRAPHY, ETC. NOTE |
| Bibliography, etc. note |
|
| 650 ## - SUBJECT ADDED ENTRY--TOPICAL TERM |
| Topical term or geographic name entry element |
World War, 1914-1918 |
| General subdivision |
Social aspects |
| Form subdivision |
Congresses |
| 9 (RLIN) |
28861 |
|
| Topical term or geographic name entry element |
Dünya Savaşı, 1914-1918 |
| General subdivision |
Sosyal yönleri |
| Form subdivision |
Kongreler |
| 9 (RLIN) |
28860 |
| 651 ## - SUBJECT ADDED ENTRY--GEOGRAPHIC NAME |
| Geographic name |
Europe, Central |
| General subdivision |
Civilization |
| Chronological subdivision |
20th century |
| Form subdivision |
Congresses |
| 9 (RLIN) |
28863 |
|
| Geographic name |
Avrupa, Orta |
| General subdivision |
Uygarlık |
| Chronological subdivision |
20. yüzyıl |
| Form subdivision |
Kongreler |
| 9 (RLIN) |
28862 |
| 700 ## - ADDED ENTRY--PERSONAL NAME |
| Personal name |
Haring, Sabine A., |
| Dates associated with a name |
1970- |
| 9 (RLIN) |
28857 |
|
| Personal name |
Ernst, Petra |
| 9 (RLIN) |
28858 |
|
| Personal name |
Suppanz, Werner |
| 9 (RLIN) |
28859 |
| 901 ## - LOCAL DATA ELEMENT A, LDA (RLIN) |
| a |
0016776 |
| 902 ## - LOCAL DATA ELEMENT B, LDB (RLIN) |
| a |
bs |
| 942 ## - ADDED ENTRY ELEMENTS (KOHA) |
| Koha item type |
Book |